| 000 | 00546nam a2200229Ia 4500 | ||
|---|---|---|---|
| 003 | OSt | ||
| 005 | 20220928140152.0 | ||
| 006 | a|||||r|||| 00| 0 | ||
| 007 | ta | ||
| 008 | 220927b |||||||| |||| 00| 0 eng d | ||
| 024 | _a7170 | ||
| 037 | _cTextual | ||
| 040 |
_aSDCL _cSDCL _beng |
||
| 041 |
_2eng _aeng |
||
| 082 | _aD6,8(2):8, P2 | ||
| 100 |
_aInmon W H _9494358 |
||
| 245 | 0 | _aBuilding the data warehouse | |
| 250 | _a3 | ||
| 260 | _c2002 | ||
| 942 |
_hD6,8(2):8, P2 _cTEXL _2CC |
||
| 999 |
_c810266 _d810266 |
||